Katalyzované oxidácie alkénov

Na minha lista:
Detalhes bibliográficos
Autor principal: Tormová, Priska (Author)
Outros Autores: Horváth, Blažej (Thesis advisor)
Formato: Manuscrito Livro
Idioma:eslovaco
Publicado em: 2015
Assuntos:
Acesso em linha:http://is.stuba.sk/zp/portal_zp.pl?podrobnosti=92914
Tags: Adicionar Tag
Sem tags, seja o primeiro a adicionar uma tag!

MARC

LEADER 00000ntm a22000003a 4500
001 stuzp49760
003 SK-STU
005 20160719153355.5
007 ta
008 150427s2015----xo-----f-mn---000-0-slo-d
040 |a STU  |b slo 
041 0 |a slo 
100 1 |a Tormová, Priska  |u 048130  |4 aut  |U FCHPT Ústav organickej chémie, katalýzy a petrochémie  |T FCHPT Oddelenie organickej technológie  |X 42908  |U C8130  |Y 123  |7 42908 
242 0 1 |a Catalyzed Oxidation of Alkenes  |y eng 
245 1 0 |a Katalyzované oxidácie alkénov 
260 |c 2015 
650 4 |a propylénoxid  |2 slo 
650 4 |a alkény  |2 slo 
650 4 |a spektroskopia  |2 slo 
650 4 |a technika IČ  |2 slo 
650 4 |a propylén  |2 slo 
650 4 |a Fe katalyzátory  |2 slo 
650 4 |a spektroskopy  |2 eng 
650 4 |a propylene  |2 eng 
650 4 |a alkenes  |2 eng 
650 4 |a Fe catalysts  |2 eng 
650 4 |a IR technique  |2 eng 
650 4 |a propylene oxide  |2 eng 
700 1 |a Horváth, Blažej  |4 ths  |X 3937  |7 A000003937 
856 4 |u http://is.stuba.sk/zp/portal_zp.pl?podrobnosti=92914 
SQL |a stuzp49760  |b DBP  |c SLO  |d Katalyzované oxidácie alkénov  |e 42908  |f Tormová, Priska  |g 048130  |h 3937  |i Horváth, Blažej  |j 20150713  |k 753  |l 04  |m http://is.stuba.sk/zp/portal_zp.pl?podrobnosti=92914  |n B-CHEMAT  |o 4.1.14. chémia, 5.2.18. chemické technológie